Zdobywcy pś w skokach narciarskich - Statystyki

Ogólne statystyki
  • Ten quiz został rozwiązany 65 razy
    24 od ostatniego zresetowania
  • Średni wynik to 32 z 44
Statystyki odpowiedzi
sezon pś zdobywca pś % Poprawnych
2000/2001 Adam Małysz
95%
2001/2002 Adam Małysz
95%
2002/2003 Adam Małysz
95%
2006/2007 Adam Małysz
95%
2003/2004 Janne Ahonen
90%
2004/2005 Janne Ahonen
90%
2013/2014 Kamil Stoch
90%
2017/2018 Kamil Stoch
90%
2016/2017 Stefan Kraft
90%
2019/2020 Stefan Kraft
90%
2020/2021 Halvor Egner Granerud
86%
2022/2023 Halvor Egner Granerud
86%
2015/2016 Peter Prevc
86%
2018/2019 Ryoyu Kobayashi
86%
2021/2022 Ryoyu Kobayashi
86%
2009/2010 Simon Amman
86%
1998/1999 Martin Schmitt
81%
1999/2000 Martin Schmitt
81%
2014/2015 Severin Freund
81%
2008/2009 Gregor Schlierenzauer
76%
2012/2013 Gregor Schlierenzauer
76%
2005/2006 Jakub Janda
76%
2007/2008 Thomas Morgenstern
76%
2010/2011 Thomas Morgenstern
76%
2011/2012 Anders Bardal
71%
1982/1983 Matti Nykanen
71%
1984/1985 Matti Nykanen
71%
1985/1986 Matti Nykanen
71%
1987/1988 Matti Nykanen
71%
1996/1997 Primoz Peterka
71%
1997/1998 Primoz Peterka
71%
1992/1993 Andreas Goldberger
67%
1994/1995 Andreas Goldberger
67%
1995/1996 Andreas Goldberger
67%
1983/1984 Jens Weissflog
62%
1979/1980 Hubert Neuper
57%
1990/1991 Andreas Felder
52%
1989/1990 Ari-Pekka Nikkola
52%
1993/1994 Espen Bredesen
52%
1991/1992 Toni Nieminen
48%
1988/1989 Jan Bokloev
43%
1980/1981 Armin Kogler
38%
1981/1982 Armin Kogler
38%
1986/1987 Vegard Opaas
33%
Nie znaleziono quizów pasujących do podanych kryteriów
Rozkład punktacji
Procent ludzi z każdym wynikiem
Percentyl według liczby udzielonych odpowiedzi
Twoja historia wyników
Nie rozwiązałeś tego quizu od ostatniego zresetowania